=LDR 00000nam 2200000 4500 =001 INLIS000000000005650 =005 20130612093856 =008 ***********************************Ind** =035 ##$$0010-061300000005650 =041 ##$$a Ind =082 ##$$a 294.598 =090 ##$$a 294.598, Kun k =245 ##$$a Kunci Wariga Ananda =260 ##$$a 1995 $b Denpasar =300 ##$$a iii, 63 hlm., 21 cm =650 ##$$a Etika - Hindu